| Tag |
First Indicator |
Second Indicator |
Subfields |
| LEADER |
00000cam a2200000 4500 |
| 001 |
in00000459130 |
| 005 |
20151012084218.0 |
| 008 |
770720s1934 nyua b 00000 eng |
| 010 |
|
|
|a 34006141
|
| 035 |
|
|
|a (OCoLC)03129577
|
| 035 |
|
|
|9 ABY1140AM
|
| 040 |
|
|
|a DLC
|c OCP
|d TXA
|d UtOrBLW
|
| 049 |
|
|
|a TXAM
|c 1 [58739]
|c 2 [58740]
|c 3 [58741]
|c 4 [58436]
|
| 050 |
0 |
0 |
|a LB2813
|b .J3
|
| 082 |
0 |
|
|a 379.1532
|
| 092 |
|
|
|a 379.15
|b J24a
|
| 100 |
1 |
|
|a Jaggers, Richard Elmer,
|d 1891-
|
| 245 |
1 |
0 |
|a Administering the county school system /
|c [by] Richard E. Jaggers.
|
| 264 |
|
1 |
|a New York,
|a Boston [etc.] :
|b American book company,
|c [1934]
|
| 264 |
|
4 |
|c [©1934]
|
| 300 |
|
|
|a v, 232 pages :
|b diagrams ;
|c 21 cm.
|
| 336 |
|
|
|a text
|b txt
|2 rdacontent
|
| 337 |
|
|
|a unmediated
|b n
|2 rdamedia
|
| 338 |
|
|
|a volume
|b nc
|2 rdacarrier
|
| 504 |
|
|
|a "Selected references": pages 223-228.
|
| 650 |
|
0 |
|a School management and organization.
|
| 650 |
|
0 |
|a Schools
|x Accounting.
|
| 740 |
4 |
|
|a The county school system.
|
| 999 |
|
|
|a MARS
|
| 999 |
f |
f |
|s ed877ea6-71c9-32cd-969f-5f0714685e38
|i 82f5eeb2-5447-3a73-aa78-09382119fbb1
|t 0
|
| 952 |
f |
f |
|p normal
|a Texas A&M University
|b College Station
|c Sterling C. Evans Library
|d Evans: Library Stacks
|t 0
|e LB2813 .J3
|h Library of Congress classification
|i unmediated -- volume
|m A14800868968
|
| 998 |
f |
f |
|a LB2813 .J3
|t 0
|l Evans: Library Stacks
|